|
|
|
|
| LEADER |
00000ny a22000003n 4500 |
| 005 |
20110623143953.0 |
| 008 |
100419s2010 sp | b|||o000 0 spa |
| 020 |
|
|
|a 9788498498769
|
| 035 |
|
|
|a 5025
|
| 040 |
|
|
|a SpMaBN
|d vLex
|
| 090 |
|
|
|c 1079
|d 1079
|
| 100 |
1 |
|
|a Mira Ros, Corazn̤
|
| 245 |
1 |
3 |
|a El expediente judicial electrn̤ico
|h [Recurso electrn̤ico]
|c Corazn̤ Mira Ros
|
| 256 |
|
|
|a Servicio en ln̕ea
|
| 260 |
|
|
|a [Madrid] :
|b Ministerio de Justicia :
|b Dykinson,
|c D.L. 2010
|
| 300 |
|
|
|a 149 p. ;
|c 21 cm
|
| 504 |
|
|
|a p. [141]-149
|
| 506 |
1 |
|
|a Contenido solo disponible en los productos indicados
|d vLex Global
|d vLex Global (Academic Edition, excluding Law Schools)
|d vLex Global (U.S. Academic Edition, Law Schools)
|d vLex Global (U.S. Academic Edition, excluding Law Schools)
|d vLex Global (Academic Edition, Law Schools)
|
| 650 |
0 |
7 |
|a Expediente judicial
|2 Tesauro vLex
|
| 650 |
0 |
7 |
|a Procesal
|2 Tesauro vLex
|
| 740 |
0 |
|
|a vLex Libros (Servicios en ln̕ea)
|
| 856 |
4 |
0 |
|u http://vlex.com/source/5025
|z Acceso restringido
|
| 942 |
|
|
|c BOOK
|